000
00326nam a2200109Ia 4500
008
171211s9999 xx 000 0 und d
245
_a
French Defence and Other Half Open Games
245
_c
Friso Nijboer and Geert van der Stricht
260
_c
2007
650
_x
GAMES
856
_u
http://down.ebook777.com/055/9056911627.pdf
999
_c
348934
_d
348934